Pahlawan Kecil

Bibliographic Details
Main Author: Amiruddin Ali
Format: Book
Published: Kuala Lumpur : DBP , 1993
Series:Drama remaja

MARC

LEADER 00000cam a2200000 7i4500
001 0000007388
002 000007944
005 20020107.0
020 |a 9836234411 
090 0 0 |a F   |b AMI 
100 0 |a Amiruddin Ali 
245 1 0 |a Pahlawan Kecil   |c Amiruddin Ali 
260 |a Kuala Lumpur :   |b DBP ,   |c 1993 
300 |a 147p. ;   |c 18cm. 
490 0 |a Drama remaja 
999 |a 055167   |b BUKU   |c FICTION   |e PERPUSTAKAAN KOMUNITI CAW KOTA DAMANSARA 
999 |a 055168   |b BUKU   |c PINJAMAN   |e PERPUSTAKAAN KOMUNITI PETALING JAYA